000
00278nam a2200109Ia 4500
008
190913s9999||||xx |||||||||||||| ||und||
100
_a
Harry Costin
245
0
_a
Readings In Strategy And Strategic Planning
260
_a
India
_b
Prentice Hall
_c
1996
300
_a
821
942
_c
BK
999
_c
8305
_d
8305